00698nam a2200229Ia 4500001000600000003000900006008004100015040001300056040001300069041001300082100001800095100002900113245004400142245007900186250001100265260001100276260001600287260004900303300005500352650003000407650003100437F4827IT-RoPAU130308s9999 xx 000 0 und d aIT-RoPAU cIT-RoPAU aITALIANO aBergala Alain gCodice Aut. SPICS: 9309 aNouvelle vague (La): quale rivoluzione? bDal Cinema al Cinema. La Nuova Critica e le Origini delle Nouvelles Vagues a1a ed. aANCONA bTranseuropa c1997 [1° Ed.:1997 - Ed.Ling.Originale:1997] a"4 p. (prefazione: no ; testo: 4 [pagine: 15-18])" aTEORICHE CINEMATOGRAFICHE eCodice materia Spics: 6805